[Event "OLNN 1617 Schachfreunde HH - SK Marmsto"]
[Site "?"]
[Date "2017.04.23"]
[Round "8.7"]
[White "Diekmann, Jens"]
[Black "Kull, Florian"]
[Result "0-1"]
[WhiteElo "2049"]
[BlackElo "2156"]
[PlyCount "94"]
[EventDate "2017.??.??"]

1. c4 c6 2. Nf3 Nf6 3. b3 g6 4. Bb2 Bg7 5. g3 O-O 6. Bg2 d5 7. O-O a5 8. d3 a4
9. Nbd2 Na6 10. Bc3 axb3 11. axb3 Bg4 12. Qc2 c5 13. cxd5 Nxd5 14. Bxg7 Kxg7
15. Nc4 Rc8 16. Rfd1 f6 17. Qb2 Ndb4 18. d4 b5 19. Ne3 Bxf3 20. dxc5 Qe8 21.
Bxf3 Rxc5 22. Bb7 Nb8 23. Qd4 Rc7 24. Ra7 Nc2 25. Nxc2 Rxc2 26. Qe4 Rc7 27. Qe6
Qf7 28. Qe3 e6 29. Qb6 Qe7 30. Rda1 Rf7 31. Qxb5 Rxb7 32. Rxb7 Qxb7 33. Qc4 Qc6
34. Qd4 e5 35. Qe3 Qd5 36. Rc1 Nc6 37. Qb6 Nd4 38. Qa6 Nxb3 39. Rb1 Nd4 40. Rb8
Rc7 41. f3 Nxf3+ 42. exf3 Rc1+ 43. Kf2 Qd4+ 44. Kg2 Qd2+ 45. Kh3 Qh6+ 46. Kg2
Rc2+ 47. Kf1 Qc1# 0-1

[Event "OLNN 1617 Schachfreunde HH - SK Marmsto"]
[Site "?"]
[Date "2017.04.23"]
[Round "8.8"]
[White "Dietz, Juergen"]
[Black "Peschke, Matthias"]
[Result "1/2-1/2"]
[WhiteElo "2145"]
[BlackElo "1972"]
[PlyCount "71"]
[EventDate "2017.??.??"]

1. f4 d5 2. Nf3 Bg4 3. Ne5 Bc8 4. b3 Nd7 5. Nf3 Ngf6 6. Bb2 g6 7. c4 Bg7 8.
cxd5 O-O 9. g3 Nxd5 10. Bxg7 Kxg7 11. e4 N5f6 12. Qc2 e5 13. fxe5 Nxe5 14. Nxe5
Qd4 15. Nc3 Qxe5 16. O-O-O c5 17. Bc4 a6 18. Rhf1 Bg4 19. Rde1 b5 20. Bd5 Ra7
21. Kb1 Rc7 22. Rf4 h5 23. Ref1 Nxd5 24. Nxd5 Rc6 25. Qc3 Qxc3 26. dxc3 Re6 27.
h4 f5 28. Kc1 Rxe4 29. Rxe4 fxe4 30. Rxf8 Kxf8 31. Kd2 Be6 32. Nc7 Bc8 33. Ke3
Ke7 34. Kxe4 Kd6 35. Ne8+ Ke7 36. Nc7 1/2-1/2

[Event "OLNN 1617 Agon Neumünster - Lübecker SV"]
[Site "?"]
[Date "2017.04.23"]
[Round "8.1"]
[White "Kreuzholz, Michael"]
[Black "Parvanyan, Ashot"]
[Result "1/2-1/2"]
[WhiteElo "2362"]
[BlackElo "2374"]
[PlyCount "146"]
[EventDate "2017.??.??"]

1. e4 e6 2. d4 d5 3. Nc3 Bb4 4. e5 Ne7 5. a3 Bxc3+ 6. bxc3 c5 7. h4 Qc7 8. h5
h6 9. Bd2 Nf5 10. g4 Ne7 11. f4 b6 12. Nf3 Ba6 13. Bxa6 Nxa6 14. Qe2 Nb8 15.
O-O g6 16. hxg6 fxg6 17. c4 dxc4 18. Qxc4 Qc6 19. dxc5 Nd7 20. Nd4 Qxc5 21.
Qxc5 Nxc5 22. Bb4 Kf7 23. Nb5 h5 24. Nd6+ Kg7 25. Bxc5 bxc5 26. Rab1 Rab8 27.
gxh5 gxh5 28. Ne4 Rxb1 29. Rxb1 Nd5 30. Nxc5 Nxf4 31. Rb7+ Kg6 32. Rxa7 Rc8 33.
Ra5 Kf5 34. Kf2 h4 35. Kf3 h3 36. Ra4 Ng6 37. Ne4 Rxc2 38. Ng3+ Kxe5 39. Ra5+
Kf6 40. Ne4+ Kg7 41. Rh5 Ra2 42. Nf2 Rxa3+ 43. Kg4 Ra4+ 44. Kg3 Nf4 45. Re5 Kf6
46. Re3 Kf5 47. Nxh3 Nxh3 48. Kxh3 Re4 49. Ra3 Kf4 50. Kg2 Re2+ 51. Kf1 Re3 52.
Ra8 Rb3 53. Ke2 e5 54. Rf8+ Ke4 55. Ra8 Rb2+ 56. Ke1 Kf4 57. Ra4+ e4 58. Ra3
Rc2 59. Rb3 Ra2 60. Rc3 Ke5 61. Rb3 Kd4 62. Rh3 Ra1+ 63. Ke2 Rc1 64. Ra3 Rg1
65. Ra4+ Ke5 66. Ra8 Rg2+ 67. Ke3 Rg3+ 68. Ke2 Rd3 69. Re8+ Kd4 70. Rd8+ Kc3
71. Rc8+ Kd4 72. Rd8+ Kc3 73. Rc8+ Kd4 1/2-1/2

[Event "OLNN 1617 Agon Neumünster - Lübecker SV"]
[Site "?"]
[Date "2017.04.23"]
[Round "8.2"]
[White "Wulf von Moers, Jens"]
[Black "Riess, Alexander"]
[Result "1/2-1/2"]
[WhiteElo "2182"]
[BlackElo "2222"]
[PlyCount "69"]
[EventDate "2017.??.??"]

1. e4 e6 2. d4 d5 3. Nd2 c5 4. exd5 Qxd5 5. Ngf3 cxd4 6. Bc4 Qd6 7. O-O Nf6 8.
Nb3 Nc6 9. Nbxd4 Nxd4 10. Qxd4 Qxd4 11. Nxd4 Bd7 12. Bb5 Bc5 13. Bxd7+ Kxd7 14.
Rd1 Ke7 15. Be3 Rac8 16. c3 Rhd8 17. Re1 Rd5 18. h3 Bb6 19. Rac1 Nd7 20. Nc2
Bxe3 21. Nxe3 Rd2 22. Rcd1 Rxd1 23. Rxd1 Ne5 24. Kf1 Nc4 25. Nxc4 Rxc4 26. Ke2
b5 27. Ke3 Rc5 28. Rd4 e5 29. Rd2 f5 30. g4 g6 31. f3 a5 32. gxf5 gxf5 33. Rg2
Kf6 34. Rg8 a4 35. f4 1/2-1/2

[Event "OLNN 1617 Agon Neumünster - Lübecker SV"]
[Site "?"]
[Date "2017.04.23"]
[Round "8.3"]
[White "Christ, Ralf"]
[Black "Menzel, Ralf"]
[Result "1-0"]
[WhiteElo "2268"]
[BlackElo "2186"]
[PlyCount "79"]
[EventDate "2017.??.??"]

1. Nf3 b6 2. c4 Bb7 3. g3 e6 4. Bg2 f5 5. O-O Nf6 6. d3 Be7 7. Nc3 O-O 8. e4
fxe4 9. Ng5 h6 10. Ngxe4 d5 11. Nxf6+ Bxf6 12. Qg4 Qe7 13. Bxh6 Nd7 14. Bd2
Rae8 15. cxd5 Bxc3 16. Bxc3 Bxd5 17. Rae1 Qf7 18. a3 Bxg2 19. Kxg2 e5 20. Qc4
c5 21. Qxf7+ Rxf7 22. Re4 Rfe7 23. Rfe1 Kf7 24. f4 exf4 25. Rxe7+ Rxe7 26.
Rxe7+ Kxe7 27. Bxg7 fxg3 28. Kxg3 Kf7 29. Bc3 b5 30. Kf4 Kg6 31. Ke4 Nb6 32.
Ke5 Na4 33. Kd5 a5 34. Bxa5 Nxb2 35. Kxc5 Nxd3+ 36. Kxb5 Kf5 37. a4 Ke6 38. Bc7
Kd7 39. Bg3 Kc8 40. h4 1-0

[Event "OLNN 1617 Agon Neumünster - Lübecker SV"]
[Site "?"]
[Date "2017.04.23"]
[Round "8.4"]
[White "Neumann, Joachim"]
[Black "Lampe, Dirk"]
[Result "1/2-1/2"]
[WhiteElo "2067"]
[BlackElo "2222"]
[PlyCount "37"]
[EventDate "2017.??.??"]

1. c4 e5 2. g3 Nf6 3. Bg2 d5 4. cxd5 Nxd5 5. Nf3 Nc6 6. O-O Be7 7. d4 e4 8. Ne5
Nxe5 9. dxe5 c6 10. Bxe4 Be6 11. Nc3 Nxc3 12. bxc3 Qa5 13. Qc2 Qxe5 14. Rb1 f5
15. Bg2 Qc7 16. e4 O-O 17. Bf4 Qc8 18. exf5 Bxf5 19. Be4 1/2-1/2

[Event "OLNN 1617 Agon Neumünster - Lübecker SV"]
[Site "?"]
[Date "2017.04.23"]
[Round "8.5"]
[White "Thannheiser, Thomas"]
[Black "Grohde, Wolfgang"]
[Result "1/2-1/2"]
[WhiteElo "2228"]
[BlackElo "2079"]
[PlyCount "95"]
[EventDate "2017.??.??"]

1. e4 c5 2. Nf3 e6 3. c3 d5 4. exd5 exd5 5. d4 Nf6 6. Bb5+ Bd7 7. Be2 Nc6 8.
O-O cxd4 9. Nxd4 Be7 10. Be3 O-O 11. Nd2 a6 12. N2f3 Qc7 13. Bg5 Rfe8 14. Re1
Ng4 15. Bxe7 Rxe7 16. h3 Nf6 17. Bd3 Rxe1+ 18. Qxe1 Re8 19. Qd1 Ne7 20. Qc2 Ng6
21. Bxg6 hxg6 22. Rd1 Nh5 23. Re1 Rxe1+ 24. Nxe1 Nf4 25. Qd2 Qd6 26. Nd3 Nxd3
27. Qxd3 Qe5 28. Qd2 Kf8 29. f3 f6 30. Ne2 g5 31. Kf2 Ke7 32. b3 Kf7 33. c4 Bc6
34. c5 Bb5 35. Nd4 Bc6 36. a4 Kg8 37. Qd3 Bd7 38. Qc3 Qh2 39. Qe1 Kf7 40. Qg1
Qe5 41. Qd1 Qc7 42. Qc2 g6 43. Kf1 Qa5 44. Ke2 Qc7 45. Kd1 Qa5 46. Ke2 Qc7 47.
Kd1 Qa5 48. Ke2 1/2-1/2

[Event "OLNN 1617 Agon Neumünster - Lübecker SV"]
[Site "?"]
[Date "2017.04.23"]
[Round "8.6"]
[White "Maass, Joerg"]
[Black "Krause, Ullrich"]
[Result "1/2-1/2"]
[WhiteElo "2150"]
[BlackElo "2207"]
[PlyCount "134"]
[EventDate "2017.??.??"]

1. d4 d5 2. c4 e6 3. cxd5 exd5 4. Nc3 c6 5. Qc2 Nf6 6. Bg5 Be7 7. e3 O-O 8. Bd3
Nbd7 9. Nf3 Re8 10. O-O Nf8 11. Ne5 Ng4 12. Bxe7 Qxe7 13. Nxg4 Bxg4 14. Rae1
Qd6 15. h3 Bh5 16. f4 f6 17. Qf2 Rad8 18. g4 Bf7 19. Kh1 c5 20. Nb5 Qb6 21.
dxc5 Qxc5 22. Nd4 Qb6 23. g5 fxg5 24. fxg5 Bg6 25. Bf5 Bxf5 26. Nxf5 Qe6 27.
Rc1 Rd7 28. Qf3 Rf7 29. Rc5 Kh8 30. Qxd5 Qxd5+ 31. Rxd5 g6 32. Ng3 Kg7 33.
Rxf7+ Kxf7 34. e4 Rc8 35. Rd2 Ke7 36. Kg2 Ne6 37. h4 h6 38. Nf5+ gxf5 39. exf5
Nf8 40. Kg3 h5 41. Re2+ Kf7 42. Rd2 Rc4 43. Rd6 Rg4+ 44. Kh3 Rf4 45. Rf6+ Kg7
46. Kg3 Rg4+ 47. Kh3 Rd4 48. Rh6 Rd3+ 49. Kg2 Rd2+ 50. Kf3 Rxb2 51. Rxh5 Rxa2
52. Rh6 Rb2 53. Rd6 Rb3+ 54. Kg4 Rb4+ 55. Kg3 Rb3+ 56. Kf4 Rb4+ 57. Kg3 Rb3+
58. Kg4 Rb4+ 59. Kh5 Rf4 60. Rd5 Nh7 61. Rd7+ Kg8 62. Rxb7 a5 63. g6 Rxf5+ 64.
Kg4 Rf6 65. gxh7+ Kh8 66. Ra7 a4 67. Kg5 Rb6 1/2-1/2

[Event "OLNN 1617 Agon Neumünster - Lübecker SV"]
[Site "?"]
[Date "2017.04.23"]
[Round "8.7"]
[White "Ehrke, Michael"]
[Black "Parvanyan, Alfred"]
[Result "1-0"]
[WhiteElo "2169"]
[BlackElo "2053"]
[PlyCount "86"]
[EventDate "2017.??.??"]

1. d4 Nf6 2. Bf4 g6 3. e3 Bg7 4. h3 O-O 5. Nf3 c5 6. c3 b6 7. Nbd2 Bb7 8. Be2
d6 9. O-O Nbd7 10. Bh2 a6 11. a4 Ra7 12. Re1 Qa8 13. Bf1 Ne4 14. Nc4 Rb8 15. a5
Bc8 16. axb6 Nxb6 17. Na5 Nd5 18. Nd2 Nxd2 19. Qxd2 Nf6 20. f3 Rc7 21. e4 cxd4
22. cxd4 Nd7 23. Rac1 Qa7 24. Nc6 Rxc6 25. Rxc6 Qxd4+ 26. Qxd4 Bxd4+ 27. Kh1
Nc5 28. b4 Ne6 29. Rb1 Bb7 30. Rc2 Kf8 31. Bg1 Be5 32. Ra2 Nc7 33. Ba7 Rc8 34.
Rc1 Nb5 35. Rxc8+ Bxc8 36. Be3 Ke8 37. Ra5 Nc7 38. Ra2 Kd7 39. Bb6 Nb5 40. Rc2
Nc3 41. Be3 f5 42. exf5 gxf5 43. Bd3 e6 1-0

[Event "OLNN 1617 Agon Neumünster - Lübecker SV"]
[Site "?"]
[Date "2017.04.23"]
[Round "8.8"]
[White "Harm, Joerg"]
[Black "Frohberg, Marco"]
[Result "1/2-1/2"]
[WhiteElo "2141"]
[BlackElo "2201"]
[PlyCount "35"]
[EventDate "2017.??.??"]

1. e4 c6 2. d4 d5 3. Nc3 dxe4 4. Nxe4 Bf5 5. Ng3 Bg6 6. h4 h6 7. h5 Bh7 8. Nf3
e6 9. Bd3 Bxd3 10. Qxd3 Nf6 11. Bd2 Be7 12. O-O-O O-O 13. Kb1 Nbd7 14. Ne4 Nxe4
15. Qxe4 Nf6 16. Qe2 Qd5 17. Ne5 Qe4 18. Qxe4 1/2-1/2

[Event "OLNN 1617 SC Diogenes - Hamburger SK"]
[Site "?"]
[Date "2017.04.23"]
[Round "8.1"]
[White "Uksini, Bardhyl"]
[Black "Schulenburg, Fabian"]
[Result "1/2-1/2"]
[WhiteElo "2319"]
[BlackElo "2244"]
[PlyCount "24"]
[EventDate "2017.??.??"]

1. d4 d5 2. Nf3 Nf6 3. c4 c6 4. g3 g6 5. Bg2 Bg7 6. O-O O-O 7. Nc3 dxc4 8. a4
Nd5 9. e3 Bf5 10. Ne1 Nxc3 11. bxc3 e5 12. e4 Be6 {(=)} 1/2-1/2

[Event "OLNN 1617 SC Diogenes - Hamburger SK"]
[Site "?"]
[Date "2017.04.23"]
[Round "8.2"]
[White "Korba, Roman"]
[Black "Bente, Bjoern"]
[Result "0-1"]
[WhiteElo "2205"]
[BlackElo "2314"]
[PlyCount "120"]
[EventDate "2017.??.??"]

1. Nf3 g6 2. d4 Bg7 3. Bg5 c5 4. c3 cxd4 5. cxd4 Nf6 6. Nc3 d5 7. Qb3 Nc6 8. e3
e6 9. Be2 O-O 10. O-O h6 11. Bh4 g5 12. Bg3 Nh5 13. Be5 g4 14. Nd2 Nxe5 15.
dxe5 Qg5 16. Qd1 Qxe5 17. Bxg4 Nf6 18. Be2 Bd7 19. Nf3 Qd6 20. e4 Qb6 21. e5
Ng4 22. Qd2 Qc7 23. Rac1 Qb8 24. Rfe1 Nxe5 25. Nxe5 Bxe5 26. Qxh6 Bf4 27. Qh5
Bxc1 28. Bd3 f5 29. Qg6+ Kh8 30. Nxd5 Qe8 31. Qg3 Bh6 32. Nf4 Rf6 33. Qh4 Qf8
34. Re3 Rc8 35. h3 Qf7 36. Rg3 Rg8 37. Re3 Qf8 38. Bc4 Qf7 39. Rd3 Rg5 40. g3
Kg8 41. Rd6 Kh7 42. Bb3 Qe7 43. Rd1 Rg7 44. Kh2 Rff7 45. Qh5 Qf6 46. Rd6 Qxb2
47. Nd3 Qf6 48. f4 Qe7 49. Rd4 Rf6 50. Ne5 Be8 51. Qd1 Qc5 52. Qd2 Rc7 53. Rc4
Qe7 54. Rd4 Bg7 55. Rd6 Rh6 56. Nf3 Rd7 57. Ng5+ Kh8 58. Rxd7 Bxd7 59. Qa5 Bf6
60. Qxa7 Bxg5 0-1

[Event "OLNN 1617 SC Diogenes - Hamburger SK"]
[Site "?"]
[Date "2017.04.23"]
[Round "8.3"]
[White "Lindinger, Markus"]
[Black "Schulenburg, Torben"]
[Result "1-0"]
[WhiteElo "2256"]
[BlackElo "2164"]
[PlyCount "141"]
[EventDate "2017.??.??"]

1. d4 Nf6 2. Nf3 g6 3. c4 Bg7 4. Nc3 d5 5. Bf4 c6 6. e3 O-O 7. Bd3 dxc4 8. Bxc4
Nbd7 9. O-O Nh5 10. Bg5 h6 11. Bh4 Qe8 12. Bb3 Kh7 13. d5 Nb6 14. Nd4 Bd7 15.
e4 e5 16. Nf5 gxf5 17. Qxh5 f4 18. g4 c5 19. f3 Nc8 20. d6 Nxd6 21. Rfd1 Nb5
22. Nxb5 Bxb5 23. Rd6 f6 24. Qf5+ Qg6 25. Be6 Rad8 26. Rad1 Rxd6 27. Rxd6 Qxf5
28. gxf5 h5 29. Bd5 b6 30. b3 Be8 31. Be6 Bb5 32. a4 Be8 33. Kf2 Bh6 34. Rd8
Kg7 35. Ra8 Bg5 36. Bxg5 fxg5 37. Rxa7+ Kf6 38. Rb7 g4 39. Rxb6 Kg5 40. a5 Kh4
41. a6 Kh3 42. fxg4 hxg4 43. Kg1 g3 44. f6+ Kh4 45. a7 f3 46. a8=Q Bb5 47. Qa1
f2+ 48. Kg2 f1=Q+ 49. Qxf1 Bxf1+ 50. Kxf1 Rxf6+ 51. Kg1 gxh2+ 52. Kxh2 Rf2+ 53.
Kg1 Rc2 54. Kf1 Kg3 55. Ke1 Kf3 56. Kd1 Rh2 57. Rc6 Kxe4 58. Rxc5 Rh6 59. Bc4
Rd6+ 60. Ke2 Kd4 61. Rc8 e4 62. b4 Rh6 63. b5 Rh2+ 64. Kf1 Rb2 65. Rc6 Ke3 66.
b6 Rb1+ 67. Kg2 Rb2+ 68. Kg3 Kd4 69. Ba6 e3 70. b7 e2 71. Kf2 1-0

[Event "OLNN 1617 SC Diogenes - Hamburger SK"]
[Site "?"]
[Date "2017.04.23"]
[Round "8.4"]
[White "Stephan, Axel"]
[Black "Gaede, Derek"]
[Result "1-0"]
[WhiteElo "2184"]
[BlackElo "2285"]
[PlyCount "105"]
[EventDate "2017.??.??"]

1. Nf3 Nf6 2. g3 e6 3. Bg2 d5 4. c4 Be7 5. O-O O-O 6. d4 Nbd7 7. Nbd2 b6 8. b3
Bb7 9. Bb2 c5 10. Rc1 Rc8 11. a3 Re8 12. dxc5 bxc5 13. e3 Qb6 14. Qc2 Red8 15.
Rfd1 h6 16. Bc3 Ne4 17. Ba1 Ndf6 18. cxd5 exd5 19. Bh3 Rb8 20. Be5 Bd6 21. Bxd6
Rxd6 22. Nxe4 Nxe4 23. Nd2 Ba6 24. Nxe4 dxe4 25. Rxd6 Qxd6 26. Bf5 Bd3 27. Qxc5
Qd8 28. Qc7 Qxc7 29. Rxc7 Kf8 30. Rc8+ Rxc8 31. Bxc8 Ke7 32. Bb7 Kd6 33. f3
exf3 34. Bxf3 Kc5 35. Bd1 a5 36. Kf2 g5 37. Ke1 Kd5 38. Bf3+ Ke5 39. Kd2 Ba6
40. Kc3 f5 41. a4 f4 42. exf4+ gxf4 43. b4 axb4+ 44. Kxb4 fxg3 45. hxg3 Kd4 46.
Ka5 Bd3 47. Kb6 Ke3 48. Bh5 Kd4 49. a5 Kd5 50. Bf3+ Kd6 51. a6 Bxa6 52. Kxa6
Ke5 53. Bh5 1-0

[Event "OLNN 1617 SC Diogenes - Hamburger SK"]
[Site "?"]
[Date "2017.04.23"]
[Round "8.5"]
[White "Hinrichs, Lars"]
[Black "Gottuk, Stefan"]
[Result "1-0"]
[WhiteElo "2195"]
[BlackElo "2213"]
[PlyCount "85"]
[EventDate "2017.??.??"]

1. e4 e6 2. d4 d5 3. Nc3 Nf6 4. Bg5 h6 5. Bxf6 Qxf6 6. exd5 Bb4 7. Bb5+ c6 8.
dxc6 bxc6 9. Be2 O-O 10. Nf3 Rd8 11. O-O c5 12. Ne4 Qf4 13. a3 Ba5 14. Nxc5 Nc6
15. c3 Bc7 16. Qc1 Qf6 17. Rd1 Rb8 18. b4 g5 19. Qe3 g4 20. Ne4 Qg7 21. Ne5
Nxe5 22. dxe5 Qxe5 23. Rxd8+ Bxd8 24. Qg3 Qxg3 25. Nxg3 f5 26. Bc4 Kg7 27. Nh5+
Kg6 28. Nf4+ Kf6 29. Re1 Rb6 30. b5 Bc7 31. g3 Rd6 32. Nd3 Bb6 33. a4 Ba5 34.
Rc1 e5 35. Nc5 Bb6 36. Nb3 a6 37. bxa6 Ba7 38. Bb5 Be6 39. c4 Rd3 40. Na5 Bb6
41. c5 Bxa5 42. Bxd3 Bd5 43. c6 1-0

[Event "OLNN 1617 SC Diogenes - Hamburger SK"]
[Site "?"]
[Date "2017.04.23"]
[Round "8.6"]
[White "Mueller, Dominik"]
[Black "Groetzbach, Julian"]
[Result "0-1"]
[WhiteElo "2189"]
[BlackElo "2246"]
[PlyCount "124"]
[EventDate "2017.??.??"]

1. d4 d5 2. c4 e6 3. Nc3 Nf6 4. Bg5 Bb4 5. e3 h6 6. Bh4 c5 7. dxc5 Qa5 8. Bxf6
gxf6 9. Rc1 Qxa2 10. cxd5 Qxd5 11. Qg4 Qb3 12. Bc4 Qxb2 13. Nge2 Bxc3+ 14. Rxc3
Qb1+ 15. Rc1 Qg6 16. Qf3 Nc6 17. Nf4 Qf5 18. Bb5 Bd7 19. g4 Qe5 20. O-O Rg8 21.
Kh1 f5 22. gxf5 Qxf5 23. e4 Qg4 24. Qe3 O-O-O 25. f3 Qg5 26. Rg1 Qe5 27. Rgd1
Be8 28. Rxd8+ Nxd8 29. Bxe8 Rxe8 30. Nd3 Qg5 31. f4 Qg7 32. Ne5 Rg8 33. Qd2 f6
34. Nc4 Qg4 35. Qf2 Nc6 36. Ne3 Qh3 37. f5 Nd4 38. Nc4 exf5 39. Nd6+ Kb8 40.
exf5 Qf3+ 41. Qxf3 Nxf3 42. Rb1 Kc7 43. Ne4 Rf8 44. Ra1 a6 45. Rb1 Ng5 46. Nc3
Kc6 47. Kg2 Rd8 48. h4 Rd2+ 49. Kf1 Nf3 50. Ne4 Nh2+ 51. Ke1 Nf3+ 52. Kf1 Rd4
53. Rb6+ Kd5 54. Nxf6+ Kxc5 55. Rxb7 Nxh4 56. Re7 Rf4+ 57. Ke2 Nxf5 58. Re5+
Kd6 59. Ra5 Ng3+ 60. Ke3 Rxf6 61. Rxa6+ Ke5 62. Ra5+ Ke6 0-1

[Event "OLNN 1617 SC Diogenes - Hamburger SK"]
[Site "?"]
[Date "2017.04.23"]
[Round "8.7"]
[White "Schumacher, Norbert"]
[Black "Kilic, Oguz"]
[Result "1/2-1/2"]
[WhiteElo "2184"]
[BlackElo "2077"]
[PlyCount "37"]
[EventDate "2017.??.??"]

1. d4 g6 2. Nf3 Nf6 3. g3 Bg7 4. Bg2 O-O 5. O-O d6 6. c4 Nc6 7. Nc3 Nd7 8. e4
e5 9. Be3 Nb6 10. b3 Bg4 11. d5 Ne7 12. h3 Bxf3 13. Bxf3 f5 14. Rc1 Nd7 15. Bg2
f4 16. Bd2 g5 17. b4 Rf6 18. g4 Ng6 19. f3 1/2-1/2

[Event "OLNN 1617 SC Diogenes - Hamburger SK"]
[Site "?"]
[Date "2017.04.23"]
[Round "8.8"]
[White "Buchholz, Robert"]
[Black "Jantzen, Hans-Joerg"]
[Result "0-1"]
[WhiteElo "1999"]
[BlackElo "2172"]
[PlyCount "84"]
[EventDate "2017.??.??"]

1. d4 Nf6 2. c4 e6 3. Nf3 b6 4. Bg5 h6 5. Bxf6 Qxf6 6. g3 Bb7 7. Bg2 Bb4+ 8.
Nbd2 O-O 9. O-O Re8 10. a3 Bf8 11. Qc2 g6 12. e4 Bg7 13. b4 Qe7 14. Ra2 d6 15.
Nb3 e5 16. d5 c5 17. bxc5 dxc5 18. Bh3 Na6 19. Ne1 Rf8 20. Nd3 Nc7 21. a4 Ne8
22. a5 Nd6 23. Nd2 f5 24. exf5 gxf5 25. Rb1 Qc7 26. axb6 axb6 27. Rxa8 Rxa8 28.
f4 e4 29. Ne5 b5 30. cxb5 c4 31. Nc6 Qb6+ 32. Kh1 Qf2 33. Rf1 Qe2 34. Ne7+ Kh8
35. Qd1 Qd3 36. Ng6+ Kh7 37. Ne5 Qxd5 38. Ndxc4 Nxc4 39. Bxf5+ Kg8 40. Qxd5+
Bxd5 41. Rd1 Ne3 42. Rc1 Nxf5 0-1

[Event "OLNN 1617 SSC Rostock - FC St. Pauli"]
[Site "?"]
[Date "2017.04.23"]
[Round "8.1"]
[White "Feuerstack, Aljoscha"]
[Black "Brynell, Stellan"]
[Result "1/2-1/2"]
[WhiteElo "2457"]
[BlackElo "2422"]
[PlyCount "27"]
[EventDate "2017.??.??"]

1. e4 d6 2. d4 Nf6 3. Bd3 e5 4. c3 d5 5. dxe5 Nxe4 6. Nf3 Nc6 7. Nbd2 Nc5 8.
Bb1 Bg4 9. O-O d4 10. Ne4 dxc3 11. Nxc3 Qxd1 12. Rxd1 Be7 13. Bf4 O-O 14. Nd5 {
(=)} 1/2-1/2

[Event "OLNN 1617 SSC Rostock - FC St. Pauli"]
[Site "?"]
[Date "2017.04.23"]
[Round "8.2"]
[White "Rudolf, Henrik"]
[Black "Voigt, Martin"]
[Result "0-1"]
[WhiteElo "2332"]
[BlackElo "2342"]
[PlyCount "88"]
[EventDate "2017.??.??"]

1. e4 c6 2. d4 d5 3. e5 c5 4. dxc5 Nc6 5. Nf3 Bg4 6. c3 e6 7. Bb5 Bxf3 8. Qxf3
Nge7 9. O-O Ng6 10. b4 Be7 11. Re1 O-O 12. Qh5 a5 13. Bxc6 bxc6 14. a3 f6 15.
exf6 Bxf6 16. Ra2 e5 17. Rae2 e4 18. Be3 Ne5 19. Rd2 Qc8 20. Red1 axb4 21. axb4
Ra1 22. Bd4 Nc4 23. Re2 g6 24. Qh3 Qxh3 25. gxh3 Bxd4 26. cxd4 Rb8 27. Nc3 Ra3
28. Rc1 Rxb4 29. Ra2 Rbb3 30. Rxa3 Nxa3 31. Kg2 Rb4 32. Ra1 Nc2 33. Ra8+ Kf7
34. Ne2 Nxd4 35. Nxd4 Rxd4 36. Rc8 Ke6 37. Rxc6+ Ke5 38. Rc7 Rc4 39. h4 d4 40.
Rxh7 d3 41. Rd7 Rxc5 42. f3 Rd5 43. Rxd5+ Kxd5 44. fxe4+ Kd4 0-1

[Event "OLNN 1617 SSC Rostock - FC St. Pauli"]
[Site "?"]
[Date "2017.04.23"]
[Round "8.3"]
[White "Krause, Jonah"]
[Black "Skibbe, Willi"]
[Result "0-1"]
[WhiteElo "2341"]
[BlackElo "2282"]
[PlyCount "82"]
[EventDate "2017.??.??"]

1. c4 e6 2. d4 d5 3. Nf3 Nf6 4. g3 Be7 5. Bg2 O-O 6. Nc3 dxc4 7. Ne5 Nc6 8.
Bxc6 bxc6 9. Nxc6 Qe8 10. Nxe7+ Qxe7 11. Qa4 c5 12. Qxc4 cxd4 13. Qxd4 e5 14.
Qh4 Qb7 15. O-O Rd8 16. e4 Be6 17. Bg5 Qxb2 18. Bxf6 gxf6 19. Nd5 Bxd5 20. exd5
Rd6 21. Rfd1 Rad8 22. a4 Qe2 23. Rab1 Kg7 24. Re1 Qf3 25. Rb7 Rxd5 26. Qc4 R8d7
27. Rxd7 Rxd7 28. Qc2 a5 29. Rf1 Rd4 30. Rc1 h5 31. h4 Qg4 32. Ra1 Rc4 33. Qb3
Qd4 34. Rd1 Qe4 35. Ra1 Qd5 36. Rd1 Qc6 37. Ra1 Qe4 38. Qd1 Qd4 39. Qe1 Rxa4
40. Rd1 Qe4 41. Qc3 Rd4 0-1

[Event "OLNN 1617 SSC Rostock - FC St. Pauli"]
[Site "?"]
[Date "2017.04.23"]
[Round "8.4"]
[White "Jaster, Robert"]
[Black "Breyther, Ruediger"]
[Result "1/2-1/2"]
[WhiteElo "2280"]
[BlackElo "2248"]
[PlyCount "82"]
[EventDate "2017.??.??"]

1. Nf3 Nf6 2. c4 e6 3. g3 d5 4. Bg2 dxc4 5. Qa4+ Bd7 6. Qxc4 c5 7. d4 Nc6 8.
O-O b5 9. Qd3 c4 10. Qd1 Rc8 11. b3 Bb4 12. a4 c3 13. Ne1 bxa4 14. bxa4 a5 15.
Na3 O-O 16. Nac2 e5 17. d5 Ne7 18. Bg5 Qb6 19. e4 h6 20. Be3 Qd6 21. Nxb4 axb4
22. Qb3 Ng4 23. Nc2 Nxe3 24. Nxe3 Qc5 25. Rfb1 Rb8 26. Nc2 Rb7 27. a5 Rfb8 28.
a6 Ra7 29. Bf1 Nc8 30. Nxb4 Rc7 31. Bd3 Rb6 32. Qa3 Qd4 33. d6 Qxd6 34. Bc2 Na7
35. Qb3 Be6 36. Qa4 Kh7 37. Nd5 Rxb1+ 38. Rxb1 Rc6 39. Ra1 Bc8 40. Qa3 Qxa3 41.
Rxa3 Rxa6 1/2-1/2

[Event "OLNN 1617 SSC Rostock - FC St. Pauli"]
[Site "?"]
[Date "2017.04.23"]
[Round "8.5"]
[White "Perez de Miguel, Alvaro"]
[Black "Pererva, Viktor"]
[Result "1-0"]
[WhiteElo "2241"]
[BlackElo "2093"]
[PlyCount "53"]
[EventDate "2017.??.??"]

1. d4 d5 2. c4 c6 3. Nc3 dxc4 4. e4 b5 5. a4 b4 6. Na2 Nf6 7. e5 Nd5 8. Bxc4 e6
9. Nf3 Be7 10. O-O a5 11. Bd2 Nd7 12. Nc1 Ba6 13. Qe2 Bxc4 14. Qxc4 Qb6 15. Nb3
O-O 16. Bg5 Rac8 17. Rac1 Rfd8 18. Rc2 h6 19. Bxe7 Nxe7 20. Rfc1 Nb8 21. Qc5
Qxc5 22. Rxc5 Rd5 23. Rxa5 Rcd8 24. Rc4 Ng6 25. Rxd5 cxd5 26. Rxb4 Rc8 27. g3
1-0

[Event "OLNN 1617 SSC Rostock - FC St. Pauli"]
[Site "?"]
[Date "2017.04.23"]
[Round "8.6"]
[White "Mangold, Thomas"]
[Black "Mitscherling, Andreas"]
[Result "0-1"]
[WhiteElo "2019"]
[BlackElo "2169"]
[PlyCount "92"]
[EventDate "2017.??.??"]

1. d4 f5 2. Bg5 Nf6 3. Bxf6 exf6 4. e3 d5 5. c4 Bb4+ 6. Nc3 Be6 7. Qa4+ Nc6 8.
a3 Bxc3+ 9. bxc3 O-O 10. Ne2 g5 11. Rb1 Rb8 12. Ng3 f4 13. cxd5 Qxd5 14. c4 Qd7
15. Ne4 fxe3 16. fxe3 Bf5 17. Bd3 Ne5 18. Qxd7 Nxd3+ 19. Kd2 Bxd7 20. Kxd3 Bf5
21. Rhf1 Bg6 22. g4 Rfe8 23. Rf5 Bxf5 24. gxf5 Kf7 25. Nc5 b6 26. Ne6 c6 27. a4
h5 28. h3 Rg8 29. Rb2 Rbe8 30. a5 Rb8 31. axb6 axb6 32. d5 b5 33. c5 cxd5 34.
Kd4 g4 35. hxg4 hxg4 36. c6 g3 37. c7 Rbc8 38. Rg2 Ke7 39. Kxd5 Kd7 40. e4 b4
41. e5 Ke7 42. exf6+ Kxf6 43. Kd6 Kxf5 44. Kd7 Ra8 45. Nd8 Rg7+ 46. Kc6 Rc8 0-1

[Event "OLNN 1617 SSC Rostock - FC St. Pauli"]
[Site "?"]
[Date "2017.04.23"]
[Round "8.7"]
[White "Stenner, Patrick"]
[Black "Engel, Gunnar"]
[Result "1-0"]
[WhiteElo "2218"]
[BlackElo "2055"]
[PlyCount "37"]
[EventDate "2017.??.??"]

1. e4 c5 2. Nc3 d6 3. f4 Nc6 4. Nf3 g6 5. Bb5 Bg7 6. O-O e6 7. Bxc6+ bxc6 8. d3
Ba6 9. Qe1 c4 10. d4 d5 11. f5 Bc8 12. fxe6 Bxe6 13. exd5 cxd5 14. Bg5 Qd6 15.
b3 Rc8 16. Nb5 Qd7 17. a4 a6 18. Ne5 Bxe5 19. Qxe5 1-0

[Event "OLNN 1617 SSC Rostock - FC St. Pauli"]
[Site "?"]
[Date "2017.04.23"]
[Round "8.8"]
[White "Celmer, Ole"]
[Black "Pajeken, Wolfgang"]
[Result "1/2-1/2"]
[WhiteElo "1939"]
[BlackElo "2285"]
[PlyCount "134"]
[EventDate "2017.??.??"]

1. e4 c5 2. c3 Nf6 3. e5 Nd5 4. g3 d6 5. Nf3 Nc6 6. exd6 Qxd6 7. Bg2 Qe6+ 8.
Qe2 Qxe2+ 9. Kxe2 Bg4 10. Re1 Ne5 11. d4 cxd4 12. cxd4 Nxf3 13. Bxf3 Bxf3+ 14.
Kxf3 Rc8 15. a3 g6 16. Nd2 Bg7 17. Ne4 O-O 18. Be3 Rc2 19. Re2 Rc6 20. Nc5 b6
21. Nd7 Rd8 22. Ne5 Rf6+ 23. Kg2 Re6 24. Nf3 Bxd4 25. Nxd4 Nxe3+ 26. Rxe3 Rxd4
27. Rxe6 fxe6 28. Rc1 a5 29. Rc6 Rd6 30. Rc2 Kf7 31. Kf3 e5 32. Ke4 Ke6 33. f4
exf4 34. gxf4 Kf6 35. b4 Re6+ 36. Kf3 axb4 37. axb4 Kf5 38. b5 Re4 39. Rc6
Rxf4+ 40. Kg3 Rb4 41. Rxb6 h5 42. Rb8 Rb3+ 43. Kf2 Rb2+ 44. Kg3 Rb3+ 45. Kf2 g5
46. b6 Rb2+ 47. Kf3 Rb3+ 48. Kf2 Kg4 49. Re8 Rxb6 50. Rxe7 Kh3 51. Re5 Rb2+ 52.
Kg1 Rg2+ 53. Kh1 Rxh2+ 54. Kg1 Rg2+ 55. Kh1 g4 56. Rxh5+ Kg3 57. Rh3+ Kf2 58.
Rf3+ Ke2 59. Re3+ Kxe3 60. Kxg2 Kf4 61. Kf2 g3+ 62. Kg2 Kg4 63. Kg1 Kg5 64. Kg2
Kf4 65. Kg1 Kf3 66. Kf1 g2+ 67. Kg1 Kg3 1/2-1/2